Oslavujme Pána! učebnica katolíckeho náboženstva pre štvrtý ročník základnej školy (západný obrad)

Bibliographic Details
Main Authors: Torkošová, Helena (Author), Papcunová, Ľudmila (Author), Duch, Jozef (Author)
Other Authors: Nedoroščíková, Angelika (Illustrator), Kýška, Matej, 1950- (Illustrator)
Format: Book
Language:Slovak
PhysicalDescription:79 s. fotogr. a ilustr. (prevažne fareb.), noty 30 cm
Published: Trnava Spolok svätého Vojtecha 2004
ISBN:8071624942
Edition:10. vyd.
Subjects:

MARC

LEADER 00000nam a2200000 a 4500
001 vtls001478470
003 SK-MaSNL
005 20260408094415.0
008 240318s2004 xo ag slo
015 |a SNBA2004/08-04789 
020 |a 8071624942 
035 |a SNK000433770 
035 |a urn:nbn:sk:snk-amlumy 
035 |a urn:nbn:sk:snk-am00ccjp 
035 |a 3EBD7E1C-CCDF-44AF-AF55-B527ED1F8C67 
040 |a SNK  |b slo  |c SNK  |e AACR2 
041 0 |a slo 
044 |a xo  |c SK 
072 7 |a 27  |x Kresťanstvo. Kresťanská cirkev všeobecne. Ekleziológia  |2 konspekt 
072 7 |a 37.016  |x Učebné osnovy. Vyučovacie predmety. Učebnice  |2 konspekt 
080 |a 272-1/-9  |2 1981 
080 |a (075.2)  |2 1981 
100 1 |a Torkošová, Helena  |4 aut  |9 12139 
245 1 0 |a Oslavujme Pána!  |b učebnica katolíckeho náboženstva pre štvrtý ročník základnej školy (západný obrad)  |c autori: Helena Torkošová, Ľudmila Papcunová, Jozef Duch ; ilustrátori: Angelika Nedoroščíková, Matej Kyška 
250 |a 10. vyd. 
260 |a Trnava  |b Spolok svätého Vojtecha  |c 2004 
300 |a 79 s.  |b fotogr. a ilustr. (prevažne fareb.), noty  |c 30 cm 
610 2 7 |a Rímskokatolícka cirkev  |2 SNKKA  |9 32394 
650 0 7 |a rímskokatolícke náboženstvo  |2 SNKPH  |9 67017 
655 7 |a učebnice základných škôl  |2 SNKPH  |9 70187 
700 1 |a Papcunová, Ľudmila  |4 aut  |9 46141 
700 1 |a Duch, Jozef  |4 aut  |9 9603 
700 1 |a Nedoroščíková, Angelika  |4 ill  |9 12976 
700 1 |a Kýška, Matej,  |d 1950-  |4 ill  |9 1636330 
919 |a 80-7162-494-2 
968 |d 37 
999 |c 559739  |d 561669 
952 |t P60, <03>, [BOOK], {603}  |a SNK  |b SNK  |y PREZ  |7 0  |p 17A0434872  |o snkSB 68895  |i snkKSP 9374/2004  |0 0  |1 0  |4 0  |d 2004-07-14  |f 1  |l 0  |r 2025-04-23 00:00:00  |w 2026-02-23 
952 |t P60, <04>, [BOOK], {604}  |a SNK  |b SNK  |y VYP  |7 0  |p 17A0434873  |o snkSB 68895 D1  |i snkKSP 9375/2004  |0 0  |1 0  |4 0  |d 2004-07-14  |l 0  |r 2005-01-02 00:00:00  |w 2026-02-23